000 00284nam a2200109Ia 4500
008 200302s9999 xx 000 0 und d
100 _aJ. M. Ypma
245 _aIndia Modern Traditional Forms and Contemporary Design
260 _bPhaidon Press Ltd.
260 _c1994
300 _a239 P.,
999 _c1000
_d1000